ბათუმის შოთა რუსთაველის სახელმწიფო უნივერსიტეტის ბიბლიოთეკა

მმართველის ქრისტიანული იდეალი და მეფეთა სახეები არჩილის შემოქმედებაში / (ბიბ.ჩანაწერი № 52024)

000 -ლიდერი
ფიქსირებული სიგრძის საკონტროლო ველი 01567nam a2200253Ia 4500
001 - საკონტროლო ნომერი
საკონტროლო ველი 19028
003 - საკონტროლო ნომრის იდენტიფიკატორი
საკონტროლო ველი GE_BSU
005 - ბოლო ოპერაციის თარიღი და დრო
საკონტროლო ველი 20210406141153.0
008 - ფიქსირებული სიგრძის მონაცემთა ელემენტები - ზოგადი ინფორმაცია
ფიქსირებული სიგრძის საკონტროლო ველი 181216s2016||||ge |||||||||||||| ||g ||
040 ## - კატალოგიზაციის წყარო
Transcribing agency GE_BSU
041 ## - ენის კოდი
Language code of text/sound track or separate title geo
080 ## - უნივერსალური ათობითი კლასიფიკაციის ინდექსი
Universal Decimal Classification number 82 ლ-85
100 ## - მთავარი ჩანაწერი - პიროვნების სახელი
Personal name ლორთქიფანიძე, სოფიკო
9 (RLIN) 11111
245 ## - ცნობა სათაურის შესახებ
Title მმართველის ქრისტიანული იდეალი და მეფეთა სახეები არჩილის შემოქმედებაში /
Statement of responsibility, etc სოფიკო ლორთქიფანიძე; სამეცნიერო ხელმძღვანელი რამაზ ხალვაში; ბსუ.
264 ## - წარმოების, გამოცემის, დისტრიბუციის და სხვა ცნობები
გამოცემის, წარმოების, დისტრიბუციის... ადგილი ბათუმი :
გამოცემის, წარმოების, დისტრიბუციის... სახელწოდება ბათუმის შოთა რუსთაველის სახ. უნ-ტის გამ-ბა
გამოცემის, წარმოების, დისტრიბუციის... თარიღი 2016.
300 ## - ფიზიკური აღწერა
Extent 125 გვ. ;
Other physical details 30 სმ.
504 ## - BIBLIOGRAPHY, ETC. NOTE
Bibliography, etc ბიბლიოგრ. გვ. 120-126
653 ## - INDEX TERM--UNCONTROLLED
Uncontrolled term დისერტაცია
653 ## - INDEX TERM--UNCONTROLLED
Uncontrolled term ლიტმცოდნეობა
653 ## - INDEX TERM--UNCONTROLLED
Uncontrolled term მმართველის ქრისტიანული იდეალი და მეფეთა სახეები არჩილის შემოქმედებაში
700 ## - ADDED ENTRY--PERSONAL NAME
Personal name ხალვაში, რამაზ
Relator term სამეცნიერო ხელმძღვანელი
9 (RLIN) 2151
710 ## - ADDED ENTRY--CORPORATE NAME
Corporate name or jurisdiction name as entry element ბსუ.
9 (RLIN) 11112
Subordinate unit ჰუმანიტარულ მეცნიერებათა ფაკულტეტი
942 ## - ADDED ENTRY ELEMENTS (KOHA)
Koha item type წიგნი
Source of classification or shelving scheme
ეგზემპლარები
ჩამოწერის სტატუსი დაკარგული ეგზემპლარის სტატუსი კლასიფიკაციის წყარო ან თაროზე გაწყობის სქემა დაზიანების სტატუსი არ გაიცემა მუდმივი მდებარეობა (დაცვის ადგილი) ამჟამინდელი ადგილსამყოფელი თაროზე განთავსების ადგილი შეძენის თარიღი სრული შენახვის შიფრი შტრიხკოდი ბოლო ოპერაციის თარიღი ეგზემპლარის მიმდევრობითი ნომერი (კეტერი?) ფასის ძალაში შესვლის თარიღი ეგზემპლარის სახეობა
          ბათუმის შოთა რუსთაველის სახელმწიფო უნივერსიტეტის მთავარი ბიბლიოთეკა ბათუმის შოთა რუსთაველის სახელმწიფო უნივერსიტეტის მთავარი ბიბლიოთეკა წიგნსაცავი 2018-12-17 82 ლ-85 239 დისერტ. 2018-12-17 239 2018-12-17 დისერტაცია